Design of Structural Elements : (Record no. 15218)
[ view plain ]
| 000 -LEADER | |
|---|---|
| fixed length control field | 01447cam a2200325 a 4500 |
| 001 - CONTROL NUMBER | |
| control field | 15486708 |
| 005 - DATE AND TIME OF LATEST TRANSACTION | |
| control field | 20110420083844.0 |
| 008 - FIXED-LENGTH DATA ELEMENTS--GENERAL INFORMATION | |
| fixed length control field | 081016s2009 enka b 001 0 eng |
| 010 ## - LIBRARY OF CONGRESS CONTROL NUMBER | |
| LC control number | 2008043080 |
| 020 ## - INTERNATIONAL STANDARD BOOK NUMBER | |
| International Standard Book Number | 0415467209 (pbk. : alk. paper) |
| 020 ## - INTERNATIONAL STANDARD BOOK NUMBER | |
| International Standard Book Number | 9780415467209 (pbk. : alk. paper) |
| 035 ## - SYSTEM CONTROL NUMBER | |
| System control number | (OCoLC)ocn262787424 |
| 040 ## - CATALOGING SOURCE | |
| Original cataloging agency | DLC |
| Transcribing agency | DLC |
| Modifying agency | YDXCP |
| -- | BWKUK |
| -- | BWK |
| -- | DLC |
| 043 ## - GEOGRAPHIC AREA CODE | |
| Geographic area code | e-uk--- |
| -- | e------ |
| 050 00 - LIBRARY OF CONGRESS CALL NUMBER | |
| Classification number | TA658 |
| Item number | .A79 2009 |
| 082 00 - DEWEY DECIMAL CLASSIFICATION NUMBER | |
| Classification number | 624.17 |
| Edition number | 22 |
| Item number | ARY |
| 100 1# - MAIN ENTRY--PERSONAL NAME | |
| Personal name | Arya, Chanakya. |
| 9 (RLIN) | 23484 |
| 245 10 - TITLE STATEMENT | |
| Title | Design of Structural Elements : |
| Remainder of title | Concrete, Steelwork, Masonry and Timber Designs to British Standards and Eurocodes / |
| Statement of responsibility, etc | Chanakya Arya. |
| 246 30 - VARYING FORM OF TITLE | |
| Title proper/short title | Concrete, steelwork, masonry, and timber design to British standards and Eurocodes |
| 250 ## - EDITION STATEMENT | |
| Edition statement | 3rd ed. |
| 260 ## - PUBLICATION, DISTRIBUTION, ETC. (IMPRINT) | |
| Place of publication, distribution, etc | London ; |
| -- | New York : |
| Name of publisher, distributor, etc | Spon Press/ Taylor & Francis, 2009 |
| Date of publication, distribution, etc | 2009. |
| 300 ## - PHYSICAL DESCRIPTION | |
| Extent | xvii, 502 p. : |
| Other physical details | ill. ; |
| Dimensions | 26 cm. |
| 504 ## - BIBLIOGRAPHY, ETC. NOTE | |
| Bibliography, etc | Includes bibliographical references and index. |
| 650 #0 - SUBJECT ADDED ENTRY--TOPICAL TERM | |
| Topical term or geographic name as entry element | Structural design |
| General subdivision | Standards |
| Geographic subdivision | Great Britain. |
| 9 (RLIN) | 23485 |
| 650 #0 - SUBJECT ADDED ENTRY--TOPICAL TERM | |
| Topical term or geographic name as entry element | Structural design |
| General subdivision | Standards |
| Geographic subdivision | Europe. |
| 9 (RLIN) | 23486 |
| 653 ## - INDEX TERM--UNCONTROLLED | |
| Resource For college | |
| Arrived date list | April2011 |
| 942 ## - ADDED ENTRY ELEMENTS (KOHA) | |
| Source of classification or shelving scheme | Dewey Decimal Classification |
| Item type | Book - Borrowing |
| Withdrawn status | Item status | Source of classification or shelving scheme | Damaged status | Not for loan | Vendor | Home library | Current library | Shelving location | Date acquired | Source of acquisition | Cost, normal purchase price | Serial Enumeration / chronology | Total Checkouts | Full call number | Barcode | Date last seen | Date last borrowed | Koha item type |
|---|---|---|---|---|---|---|---|---|---|---|---|---|---|---|---|---|---|---|
| Dewey Decimal Classification | Arab Oasis | Central Library | Central Library | First floor | 28/04/2011 | 330.00 | 72 | 2 | 624.17 ARY | 000023447 | 15/07/2025 | 04/01/2015 | Book - Borrowing |